A chipicallí : (Record no. 163092)

MARC details
000 -LEADER
campo de control de longitud fija 01251nam a2200241 i 4500
001 - NÚMERO DE CONTROL
campo de control 163092
003 - IDENTIFICADOR DE NÚMERO DE CONTROL
campo de control ES-MaACL
005 - FECHA Y HORA DE LA ÚLTIMA TRANSACCIÓN
campo de control 20230906212652.0
008 - DATOS DE LONGITUD FIJA--INFORMACIÓN GENERAL
campo de control de longitud fija 990903s1900 sp |||| | spa d
100 1# - ENTRADA PRINCIPAL--NOMBRE DE PERSONA
Nombre de persona Rebolledo, Tineo.
9 (RLIN) 161662
245 12 - MENCIÓN DEL TÍTULO
Título A chipicallí :
Resto del título (la lengua gitana) : conceptos sobre ella en el mundo profano y en el erudito ; Diccionario gitano-español y español-gitano (9.000 voces) ; Modelos de conjugación de verbos... en caló ; Historia de los gitanos desde su aparición en Europa, y cuentos y chascarrillos de procedencia genuinamente gitana /
Mención de responsabilidad, etc. J. Tineo Rebolledo.
246 30 - FORMA VARIANTE DEL TITULO
Título propio/Titulo breve Diccionario gitano-español y español-gitano (9.000 voces)
246 30 - FORMA VARIANTE DEL TITULO
Título propio/Titulo breve Historia de los gitanos desde su aparición en Europa
260 ## - PUBLICACIÓN, DISTRIBUCIÓN, ETC.
Lugar de publicación, distribución, etc. Granada :
Nombre del editor, distribuidor, etc. [s.n.],
Fecha de publicación, distribución, etc. 1900 (
Fabricante Imp. de F. Gómez de la Cruz)
300 ## - DESCRIPCIÓN FÍSICA
Extensión 247 p. ;
Dimensiones 23 cm.
530 ## - NOTA DISPONIBLE DE FORMULARIO FÍSICO ADICIONAL
Nota de formato físico adicional disponible Disponible en formato digital.
650 #4 - PUNTO DE ACCESO ADICIONAL DE MATERIA--TÉRMINO DE MATERIA
Término de materia o nombre geográfico como elemento de entrada Dialecto caló-
Subdivisión de forma Diccionarios-
Subdivisión general Español.
9 (RLIN) 136354
650 #4 - PUNTO DE ACCESO ADICIONAL DE MATERIA--TÉRMINO DE MATERIA
Término de materia o nombre geográfico como elemento de entrada Lengua española-
Subdivisión de forma Diccionarios-
Subdivisión general Caló.
9 (RLIN) 161663
650 #4 - PUNTO DE ACCESO ADICIONAL DE MATERIA--TÉRMINO DE MATERIA
Término de materia o nombre geográfico como elemento de entrada Dialecto caló.
9 (RLIN) 149852
650 #4 - PUNTO DE ACCESO ADICIONAL DE MATERIA--TÉRMINO DE MATERIA
Término de materia o nombre geográfico como elemento de entrada Gitanos-
Subdivisión general Historia.
9 (RLIN) 13122
852 ## - LOCALIZACIÓN
Ubicación ES-MaACL
Número de control de estantería G-876
Nota libre - Enc. hol.
856 ## - LOCALIZACIÓN Y ACCESO ELECTRÓNICOS
Identificador Uniforme de Recursos <a href="https://archive.org/details/achipicallilalen00tine/page/n7/mode/2up">https://archive.org/details/achipicallilalen00tine/page/n7/mode/2up</a>
Nota pública Internet Archive
Holdings
Estatus retirado Estado de pérdida Estado de daño No para préstamo Colección Biblioteca de origen Biblioteca actual Ubicación en estantería Fecha de adquisición Fuente de adquisición Total de préstamos Signatura topográfica completa Código de barras Visto por última vez Precio de reemplazo Tipo de ítem Koha
        Colección digital Biblioteca del Ateneo de Madrid Biblioteca del Ateneo de Madrid Depósito 2 17/01/2008     G-876 1170899 23/02/2023 23/02/2023 Libro impreso antiguo